000 01089pam a2200289 a 4500
999 _c24568
_d24568
001 3857943
003 OSt
005 20170128160706.0
008 881228s1989 nyu 001 0 eng
010 _a 88048030
020 _a0814458394
040 _aDLC
_cDLC
_dDLC
050 0 0 _aHD38
_b.M31875 1989
082 0 0 _a658
_219
245 0 4 _aThe Manager's book of quotations /
_cLewis D. Eigen, Jonathan P. Siegel.
260 _aNew York, NY :
_bAmerican Management Association,
_cc1989.
300 _axx, 528 p. ;
_c26 cm.
500 _aIncludes index.
650 0 _aManagement
_xQuotations, maxims, etc.
700 1 _aEigen, Lewis, D.
700 1 _aSiegel, Jonathan P.
_q(Jonathan Paul),
_d1944-
906 _a7
_bcbc
_corignew
_d1
_eocip
_f19
_gy-gencatlg
942 _2lcc
_cBOOKS
_hHD 38 .M31875 1989